书目信息 |
| 题名: |
赢得顾客的心
|
|
| 作者: | 于兹志 , 王金凤 著 | |
| 分册: | ||
| 出版信息: | 北京 中国经济出版社 2003.01 |
|
| 页数: | 306页 | |
| 开本: | 24cm | |
| 丛书名: | 经理人实战演练丛书 | |
| 单 册: | ||
| 中图分类: | F713.50 | |
| 科图分类: | ||
| 主题词: | 商品--shang pin--销售--人际关系 , 企业管理--qi ye guan li--市场营销学 | |
| 电子资源: | ||
| ISBN: | 7-5017-5791-7 | |
| 000 | 01228nam 2200313 450 | |
| 001 | 012008099702 | |
| 005 | 20080424205245.89 | |
| 010 | @a7-5017-5791-7@dCNY38.00 | |
| 100 | @a20080424d2003 km y0chiy0120 ea | |
| 101 | 0 | @achi |
| 102 | @aCN@b110000 | |
| 105 | @aa a 000yy | |
| 106 | @ar | |
| 200 | 1 | @a赢得顾客的心@Aying de gu ke de xin@d= How to keep customers@e顾客关系管理技巧与案例@f于兹志, 王金凤著@Fyu zi zhi,wang jin feng zhu@zeng |
| 210 | @a北京@c中国经济出版社@d2003.01 | |
| 215 | @a306页@c图@d24cm | |
| 225 | 2 | @a经理人实战演练丛书@Ajing li ren shi zhan yan lian cong shu |
| 320 | @a有书目 (第306页)。 | |
| 330 | @a本书从全新的角度和独特的写作风格向读者诠释了成功的营销之道, 在了解传统基础理论的同时, 读者会进一步了解到近几年来方兴未艾的营销新理论——顾客关系管理。 | |
| 410 | 0 | @12001 @a经理人实战演练丛书 |
| 510 | 1 | @aHow to keep customers@zeng |
| 517 | 1 | @a顾客关系管理技巧与案例@Agu ke guan xi guan li ji qiao yu an li |
| 606 | 0 | @a商品@Ashang pin@x销售@x人际关系 |
| 606 | 0 | @a企业管理@Aqi ye guan li@x市场营销学 |
| 690 | @aF713.50@v4 | |
| 701 | 0 | @a于兹志@Ayu zi zhi@4著 |
| 701 | 0 | @a王金凤@Awang jin feng@4著 |
| 801 | 0 | @aCN@bQSSK@c20080424 |
| 905 | @b20704450-51@dF713.50@eY739@f2 | |
| 赢得顾客的心= How to keep customers:顾客关系管理技巧与案例/于兹志, 王金凤著.-北京:中国经济出版社,2003.01 |
| 306页:图;24cm.-(经理人实战演练丛书) |
| ISBN 7-5017-5791-7:CNY38.00 |
| 本书从全新的角度和独特的写作风格向读者诠释了成功的营销之道, 在了解传统基础理论的同时, 读者会进一步了解到近几年来方兴未艾的营销新理论——顾客关系管理。 |
| ● |
| 相关链接 |
|
|
|
正题名:赢得顾客的心
索取号:F713.50/Y739
 
预约/预借
| 序号 | 登录号 | 条形码 | 馆藏地/架位号 | 状态 | 备注 |
| 1 | 704450 | 207044508 | 社科库409/409社科库 43排7列5层/ [索取号:F713.50/Y739] | 在馆 | |
| 2 | 704451 | 207044517 | 社科库409/409社科库 43排7列5层/ [索取号:F713.50/Y739] | 在馆 |